[Event "Catalunya-chT Gp2 Final"]
[Site "Barcelona"]
[Date "2023.03.18"]
[Round "2.10"]
[White "Reginaldo Huix, Pere"]
[Black "Pages Rafart, Jordi"]
[Result "1/2-1/2"]
[WhiteElo "1866"]
[BlackElo "2034"]
[PlyCount "53"]
[EventDate "2023.03.11"]
[EventType "team-k.o."]
[EventRounds "4"]
[EventCountry "ESP"]
[SourceTitle "EXT 2024"]
[Source "ChessBase"]
[SourceDate "2023.10.10"]
[SourceVersion "1"]
[SourceVersionDate "2023.10.10"]
[SourceQuality "1"]
[WhiteTeam "Lira Vendrellenca"]
[BlackTeam "Olot"]
[WhiteTeamCountry "ESP"]
[BlackTeamCountry "ESP"]

1. d4 d5 2. e3 e6 3. Bd3 c5 4. c3 Nc6 5. f4 Bd6 6. Nf3 f5 7. 0-0 Nf6 8. Ne5 0-0 9. Nd2 Qc7 10. Rf3 Bd7 11. Rh3 Be8 12. Be2 Bxe5 13. fxe5 Ne4 14. Bh5 Bxh5 15. Qxh5 g6 16. Qe2 a6 17. Rf3 b5 18. Nxe4 fxe4 19. Rxf8+ Rxf8 20. Bd2 Rf5 21. b4 c4 22. a4 h6 23. axb5 axb5 24. Ra6 Qb7 25. Ra1 g5 26. h3 Kg7 27. Qh5 1/2-1/2

[Event "Ship Zenith op 8th"]
[Site "Ship Zenith"]
[Date "2019.11.13"]
[Round "6.4"]
[White "Villa Brullet, David"]
[Black "Reginaldo Huix, Pere"]
[Result "0-1"]
[WhiteElo "1736"]
[BlackElo "1874"]
[PlyCount "63"]
[EventDate "2019.11.09"]
[EventType "swiss"]
[EventRounds "8"]
[EventCountry "ESP"]
[SourceTitle "EXT 2024"]
[Source "ChessBase"]
[SourceDate "2023.10.10"]
[SourceVersion "1"]
[SourceVersionDate "2023.10.10"]
[SourceQuality "1"]

1. d4 d5 2. c4 e6 3. cxd5 exd5 4. Nc3 Nf6 5. Bg5 Nbd7 6. g3 c6 7. Bg2 Qa5 8. Bxf6 Nxf6 9. Qc2 Bb4 10. e3 Bf5 11. Qc1 0-0 12. Nge2 Bd3 13. f3 Rfe8 14. Kf2 Re7 15. Nf4 Bc4 16. a3 Bd6 17. b4 Qc7 18. Qd2 Rae8 19. Rhe1 a5 20. Nd3 Bxd3 21. Qxd3 axb4 22. axb4 Bxb4 23. Re2 Bxc3 24. Qxc3 Qd7 25. Ra7 Qf5 26. Qb3 Ne4+ 27. Kg1 Nd6 28. Qb4 Qd7 29. Qb6 f5 30. Kf2 Qe6 31. Ra3 Qh6 32. Bf1 0-1

[Event "Ship Pullmantur op 7th"]
[Site "Mar Mediterraneo"]
[Date "2018.09.19"]
[Round "6.7"]
[White "Cupeiro Fernandez, Manuel"]
[Black "Reginaldo Huix, Pere"]
[Result "0-1"]
[WhiteElo "1567"]
[BlackElo "1853"]
[PlyCount "88"]
[EventDate "2018.09.15"]
[EventType "swiss"]
[EventRounds "8"]
[EventCountry "ESP"]
[SourceTitle "EXT 2024"]
[Source "ChessBase"]
[SourceDate "2023.10.10"]
[SourceVersion "1"]
[SourceVersionDate "2023.10.10"]
[SourceQuality "1"]

1. e4 e6 2. d4 f5 3. exf5 exf5 4. Bd3 d5 5. Nf3 Nf6 6. h3 Bd6 7. Bg5 0-0 8. 0-0 c6 9. Re1 Qb6 10. Qc1 Ne4 11. c3 h6 12. Bh4 g5 13. Bg3 Nxg3 14. fxg3 Bxg3 15. Re2 Qc7 16. Nbd2 Nd7 17. Qc2 Nb6 18. b3 Qf7 19. Nf1 Bd6 20. Rae1 Bd7 21. Ne5 Bxe5 22. Rxe5 Rae8 23. Ng3 Rxe5 24. Rxe5 f4 25. Nf5 Bxf5 26. Bxf5 Kg7 27. Qe2 Qf6 28. Bg4 Rf7 29. Re6 Qd8 30. Qe5+ Rf6 31. Bf5 Kf7 32. Rxf6+ Qxf6 33. Qxf6+ Kxf6 34. Bd3 Nc8 35. Kf2 Nd6 36. a4 Ne4+ 37. Bxe4 dxe4 38. Ke2 Ke6 39. c4 a5 40. Kf2 Kf5 41. Ke2 h5 42. Kf2 g4 43. h4 e3+ 44. Ke2 Ke4 0-1

[Event "Crucero op 6th"]
[Site "Crucero"]
[Date "2017.11.01"]
[Round "6.3"]
[White "Reginaldo Huix, Pere"]
[Black "Antolin Palenzuela, Francisco J"]
[Result "1/2-1/2"]
[WhiteElo "1883"]
[BlackElo "1405"]
[PlyCount "86"]
[EventDate "2017.10.28"]
[EventType "swiss"]
[EventRounds "8"]
[EventCountry "ESP"]
[SourceTitle "EXT 2024"]
[Source "ChessBase"]
[SourceDate "2023.10.10"]
[SourceVersion "1"]
[SourceVersionDate "2023.10.10"]
[SourceQuality "1"]

1. d4 c6 2. e3 g6 3. Bd3 Bg7 4. f4 d5 5. Nf3 Nh6 6. 0-0 0-0 7. c3 Bg4 8. Nbd2 Nd7 9. Qe1 Bxf3 10. Rxf3 e6 11. Rh3 f5 12. Nf3 Nf7 13. b3 c5 14. Bd2 a6 15. Be2 Qc7 16. Rc1 Nf6 17. Ne5 Ne4 18. Bd3 b5 19. b4 c4 20. Bxe4 dxe4 21. Ra1 Bxe5 22. fxe5 Ng5 23. Rg3 Qe7 24. h4 Nf7 25. Rh3 h5 26. Rh1 Nh6 27. Qe2 Ng4 28. Be1 Rad8 29. Bg3 Qc7 30. Bf4 a5 31. Qb2 Qc6 32. Kf1 a4 33. a3 Kh7 34. Ke2 Rd7 35. Qd2 Rd5 36. Qe1 Rg8 37. Qg3 Qe8 38. Rhf1 Qf7 39. Bg5 Qg7 40. Rf4 Rd7 41. Raf1 Rf7 42. Qe1 Rgf8 43. Qd2 Rd7 1/2-1/2

[Event "Crucero op 6th"]
[Site "Crucero"]
[Date "2017.10.31"]
[Round "5.2"]
[White "Lozano Ruiz, David"]
[Black "Reginaldo Huix, Pere"]
[Result "1/2-1/2"]
[WhiteElo "1819"]
[BlackElo "1883"]
[PlyCount "51"]
[EventDate "2017.10.28"]
[EventType "swiss"]
[EventRounds "8"]
[EventCountry "ESP"]
[SourceTitle "EXT 2024"]
[Source "ChessBase"]
[SourceDate "2023.10.10"]
[SourceVersion "1"]
[SourceVersionDate "2023.10.10"]
[SourceQuality "1"]

1. e4 e5 2. Nf3 Nc6 3. d4 exd4 4. Bc4 d6 5. Nxd4 Nxd4 6. Qxd4 Nf6 7. 0-0 Be7 8. Nc3 0-0 9. Bf4 Nh5 10. Be3 Bf6 11. Qd2 g6 12. Bd4 Bxd4 13. Qxd4 Qf6 14. Qxf6 Nxf6 15. f3 Be6 16. Bxe6 fxe6 17. Nb5 Rf7 18. Rad1 a6 19. Na3 Nd7 20. Nc4 Kg7 21. Rd2 Raf8 22. Rfd1 b5 23. Ne3 Ne5 24. b3 Rb8 25. Rc1 Rb6 26. Kf2 1/2-1/2

[Event "Crucero op 5th"]
[Site "Crucero"]
[Date "2016.10.23"]
[Round "2.3"]
[White "Lisarri Tomas, Antonio"]
[Black "Reginaldo Huix, Pere"]
[Result "1/2-1/2"]
[WhiteElo "1984"]
[BlackElo "1870"]
[PlyCount "30"]
[EventDate "2016.10.22"]
[EventType "swiss"]
[EventRounds "8"]
[EventCountry "ESP"]
[SourceTitle "EXT 2024"]
[Source "ChessBase"]
[SourceDate "2023.10.10"]
[SourceVersion "1"]
[SourceVersionDate "2023.10.10"]
[SourceQuality "1"]

1. c4 e6 2. Nf3 d5 3. b3 d4 4. g3 c5 5. Bg2 Nc6 6. 0-0 f5 7. e3 e5 8. exd4 e4 9. Ne1 cxd4 10. d3 Nf6 11. Nc2 Bc5 12. Re1 0-0 13. Bb2 a5 14. Nba3 Ne5 15. dxe4 fxe4 1/2-1/2

[Event "Barcelona-Palma de Mallorca Cruise 4th"]
[Site "Barcelona"]
[Date "2015.10.27"]
[Round "6"]
[White "Reginaldo Huix, Pere"]
[Black "Exposito Amaro, Josue"]
[Result "0-1"]
[WhiteElo "1861"]
[BlackElo "2299"]
[PlyCount "43"]
[EventDate "2015.10.23"]
[EventType "swiss"]
[EventRounds "8"]
[EventCountry "ESP"]
[SourceTitle "CBM 169 Extra"]
[Source "ChessBase"]
[SourceDate "2015.12.18"]
[SourceVersion "1"]
[SourceVersionDate "2015.12.18"]
[SourceQuality "1"]

1. d4 Nf6 2. e3 g6 3. Bd3 Bg7 4. f4 0-0 5. Nf3 c5 6. c3 d6 7. 0-0 Nc6 8. Bc2 e5 9. d5 e4 10. Ng5 Ne7 11. c4 b5 12. Nxe4 Nxe4 13. Bxe4 bxc4 14. Nc3 Rb8 15. Bf3 Re8 16. Re1 Nf5 17. g4 Nh6 18. e4 Qh4 19. Rf1 Nxg4 20. Bxg4 Bxg4 21. Qa4 Bd4+ 22. Kh1 0-1

[Event "Badalona op-B 41st"]
[Site "Badalona"]
[Date "2015.08.04"]
[Round "3"]
[White "Reginaldo Huix, Pere"]
[Black "Castrillo Mansego, Pablo"]
[Result "1/2-1/2"]
[WhiteElo "2046"]
[BlackElo "2139"]
[PlyCount "29"]
[EventDate "2015.08.02"]
[EventType "swiss"]
[EventRounds "9"]
[EventCountry "ESP"]
[SourceTitle "EXT 2016"]
[Source "ChessBase"]
[SourceDate "2015.10.08"]
[SourceVersion "1"]
[SourceVersionDate "2015.10.08"]
[SourceQuality "1"]

1. d4 g6 2. e3 Bg7 3. Bd3 Nf6 4. f4 d6 5. Nf3 Nbd7 6. 0-0 0-0 7. Nbd2 e5 8. f5 b6 9. fxg6 fxg6 10. c3 d5 11. e4 Bb7 12. Nxe5 Nxe5 13. dxe5 Nxe4 14. Nxe4 dxe4 15. Bc4+ 1/2-1/2

[Event "Sant Adria de Besos op 11th"]
[Site "Sant Adria de Besos"]
[Date "2015.05.17"]
[Round "4.17"]
[White "Garcia Ahumada, Lluis"]
[Black "Reginaldo Huix, Pere"]
[Result "0-1"]
[WhiteElo "1772"]
[BlackElo "2093"]
[PlyCount "116"]
[EventDate "2015.04.12"]
[EventType "swiss"]
[EventRounds "9"]
[EventCountry "ESP"]
[SourceTitle "EXT 2024"]
[Source "ChessBase"]
[SourceDate "2023.10.10"]
[SourceVersion "1"]
[SourceVersionDate "2023.10.10"]
[SourceQuality "1"]

1. e4 e6 2. d4 f5 3. e5 d5 4. Nf3 c5 5. c3 Nc6 6. Bb5 Bd7 7. 0-0 c4 8. Be3 Nge7 9. Nbd2 Ng6 10. Bg5 Qc7 11. Nb1 h6 12. Bxc6 Bxc6 13. Bd2 Be7 14. Re1 0-0 15. Re2 Kh7 16. Be1 Nh8 17. Nbd2 Be8 18. Nf1 g5 19. Rc2 Bg6 20. Rcc1 g4 21. N3d2 Bg5 22. Ne3 Qf7 23. Qa4 h5 24. Rd1 f4 25. Nef1 Bd3 26. b3 Be2 27. Rdc1 g3 28. hxg3 fxg3 29. f3 Bxf1 30. Kxf1 Qf5 31. Rd1 Qd3+ 32. Kg1 Be3+ 33. Kh1 Qg6 34. bxc4 Qg5 35. Qd7+ Rf7 36. Qxe6 Rf5 37. Bxg3 Rg8 38. Nf1 Bf2 39. Rd2 h4 40. Rxf2 hxg3 41. Nxg3 Rf4 42. Ne2 Rh4+ 43. Kg1 Ng6 44. cxd5 Qh5 45. Kf1 Rh1+ 46. Ng1 Nf4 47. Qe7+ Rg7 48. Qf6 Qh2 49. Qf5+ Kh6 50. Qf6+ Kh7 51. Qf5+ Kh8 52. Qf8+ Kh7 53. Qf5+ Kg8 54. Qc8+ Kf7 55. Qd7+ Kg6 56. Qe8+ Kh7 57. Ke1 Qxg1+ 58. Kd2 Qxf2# 0-1

[Event "Benidorm op U2000 12th"]
[Site "Benidorm"]
[Date "2013.12.05"]
[Round "8"]
[White "Spina, Simonpietro"]
[Black "Reginaldo Huix, Pere"]
[Result "1-0"]
[WhiteElo "1762"]
[BlackElo "1926"]
[PlyCount "33"]
[EventDate "2013.11.29"]
[EventType "swiss"]
[EventRounds "10"]
[EventCountry "ESP"]
[SourceTitle "CBM 157 Extra"]
[Source "ChessBase"]
[SourceDate "2013.12.19"]
[SourceVersion "1"]
[SourceVersionDate "2013.12.19"]
[SourceQuality "1"]

1. c4 e6 2. Nc3 d5 3. cxd5 exd5 4. d4 f5 5. f4 Nf6 6. Nf3 c6 7. e3 Bd6 8. Be2 0-0 9. 0-0 Nbd7 10. Ne5 Ne4 11. Bf3 Ndf6 12. Qb3 Qe7 13. Bxe4 Nxe4 14. Rf3 Bd7 15. Nxd5 cxd5 16. Qxd5+ Kh8 17. Ng6+ 1-0

[Event "Benidorm op U2000 12th"]
[Site "Benidorm"]
[Date "2013.12.02"]
[Round "5"]
[White "Fernandez Senovilla, Jose Enrique"]
[Black "Reginaldo Huix, Pere"]
[Result "1-0"]
[WhiteElo "1715"]
[BlackElo "1926"]
[PlyCount "48"]
[EventDate "2013.11.29"]
[EventType "swiss"]
[EventRounds "10"]
[EventCountry "ESP"]
[SourceTitle "CBM 157 Extra"]
[Source "ChessBase"]
[SourceDate "2013.12.19"]
[SourceVersion "1"]
[SourceVersionDate "2013.12.19"]
[SourceQuality "1"]

1. d4 d5 2. c4 e6 3. Nc3 f5 4. Nf3 c6 5. g3 Bd6 6. Bg2 Nf6 7. 0-0 Nbd7 8. Ng5 Qe7 9. cxd5 exd5 10. Nh3 0-0 11. Bf4 Ne4 12. Bxd6 Qxd6 13. e3 Qh6 14. Nf4 g5 15. Qh5 Qxh5 16. Nxh5 Kf7 17. Nxe4 dxe4 18. g4 Kg6 19. Ng3 Nf6 20. gxf5+ Bxf5 21. Rac1 h5 22. Rc5 Nd7 23. Rxf5 Rxf5 24. Re1 Ra5 1-0

[Event "Benidorm op U2000 12th"]
[Site "Benidorm"]
[Date "2013.11.30"]
[Round "2"]
[White "Reginaldo Huix, Pere"]
[Black "Altin, Halis"]
[Result "1/2-1/2"]
[WhiteElo "1926"]
[BlackElo "1782"]
[PlyCount "43"]
[EventDate "2013.11.29"]
[EventType "swiss"]
[EventRounds "10"]
[EventCountry "ESP"]
[SourceTitle "CBM 157 Extra"]
[Source "ChessBase"]
[SourceDate "2013.12.19"]
[SourceVersion "1"]
[SourceVersionDate "2013.12.19"]
[SourceQuality "1"]

1. d4 Nf6 2. e3 d5 3. Bd3 g6 4. f4 c5 5. c3 c4 6. Bc2 Bg7 7. Nf3 Nc6 8. Nbd2 b5 9. 0-0 0-0 10. Ne5 Nxe5 11. fxe5 Ne8 12. e4 Bb7 13. Rf3 f6 14. exf6 exf6 15. exd5 Bxd5 16. Be4 f5 17. Bxd5+ Qxd5 18. Nf1 Nf6 19. Bg5 Rae8 20. Bxf6 Bxf6 21. Ne3 Rxe3 22. Rxe3 1/2-1/2

[Event "Sabadell Coral Colon op 6th"]
[Site "Sabadell"]
[Date "2012.03.30"]
[Round "8"]
[White "Sole Balaguer, Josep M"]
[Black "Reginaldo Huix, Pere"]
[Result "0-1"]
[WhiteElo "1758"]
[BlackElo "1992"]
[PlyCount "62"]
[EventDate "2012.02.10"]
[EventType "swiss"]
[EventRounds "9"]
[EventCountry "ESP"]
[SourceTitle "EXT 2014"]
[Source "ChessBase"]
[SourceDate "2013.11.20"]
[SourceVersion "1"]
[SourceVersionDate "2013.11.20"]
[SourceQuality "1"]

1. e4 e6 2. Nf3 d5 3. exd5 exd5 4. d4 Bd6 5. Nc3 c6 6. Bd3 f5 7. 0-0 Nf6 8. Bg5 0-0 9. a3 Qc7 10. Bxf6 Rxf6 11. Re1 Rf8 12. b4 Nd7 13. h3 Nf6 14. Nd2 Ne4 15. Bxe4 fxe4 16. f3 Qf7 17. fxe4 Qf2+ 18. Kh1 Bxh3 19. Rg1 Bd7 20. Nf3 Rxf3 21. g3 Rxc3 22. Rg2 Qf3 23. e5 Qxd1+ 24. Rxd1 Be7 25. Re1 Be6 26. Ra1 Rf8 27. b5 Bf5 28. Kh2 Be4 29. Re2 Rf5 30. g4 Rff3 31. Rae1 Rh3+ 0-1

[Event "Sabadell Coral Colon op 6th"]
[Site "Sabadell"]
[Date "2012.03.23"]
[Round "7"]
[White "Algarte Cortes, Serafin Ramon"]
[Black "Reginaldo Huix, Pere"]
[Result "1/2-1/2"]
[WhiteElo "1737"]
[BlackElo "1992"]
[PlyCount "61"]
[EventDate "2012.02.10"]
[EventType "swiss"]
[EventRounds "9"]
[EventCountry "ESP"]
[SourceTitle "EXT 2014"]
[Source "ChessBase"]
[SourceDate "2013.11.20"]
[SourceVersion "1"]
[SourceVersionDate "2013.11.20"]
[SourceQuality "1"]

1. e4 e5 2. Nf3 Nc6 3. Bc4 Nd4 4. d3 Nxf3+ 5. Qxf3 Nf6 6. Nc3 Be7 7. Nd5 0-0 8. 0-0 d6 9. Nxe7+ Qxe7 10. Bg5 h6 11. Bxf6 Qxf6 12. Qxf6 gxf6 13. f4 Be6 14. Bb3 c6 15. fxe5 fxe5 16. Bxe6 fxe6 17. Rxf8+ Kxf8 18. Rf1+ Ke7 19. Rf3 Rg8 20. Kf2 d5 21. h3 Rd8 22. Ke3 Rg8 23. g4 c5 24. b3 b5 25. Rg3 Kf6 26. h4 Rc8 27. Rf3+ Kg6 28. exd5 exd5 29. Rf5 Re8 30. h5+ Kg7 31. c4 1/2-1/2

[Event "Sabadell Coral Colon op 6th"]
[Site "Sabadell"]
[Date "2012.03.02"]
[Round "4"]
[White "Reginaldo Huix, Pere"]
[Black "Morais Carreras, Javier"]
[Result "1/2-1/2"]
[WhiteElo "1992"]
[BlackElo "1988"]
[PlyCount "46"]
[EventDate "2012.02.10"]
[EventType "swiss"]
[EventRounds "9"]
[EventCountry "ESP"]
[SourceTitle "EXT 2014"]
[Source "ChessBase"]
[SourceDate "2013.11.20"]
[SourceVersion "1"]
[SourceVersionDate "2013.11.20"]
[SourceQuality "1"]

1. d4 Nf6 2. e3 g6 3. f4 Bg7 4. Bd3 0-0 5. Nf3 d6 6. e4 c5 7. c3 cxd4 8. cxd4 Nc6 9. Qb3 Na5 10. Qb4 b6 11. 0-0 Bb7 12. Nc3 Re8 13. Be3 Ng4 14. Bd2 Nc6 15. Qa4 a6 16. h3 Nf6 17. Be3 b5 18. Qb3 Na5 19. Qb4 e6 20. a4 d5 21. axb5 axb5 22. Ne5 Nxe4 23. Nxe4 dxe4 1/2-1/2

[Event "Sabadell Coral Colon op 5th"]
[Site "Sabadell"]
[Date "2011.04.01"]
[Round "9"]
[White "Reginaldo Huix, Pere"]
[Black "Morais Carreras, Javier"]
[Result "1/2-1/2"]
[WhiteElo "2044"]
[BlackElo "1932"]
[PlyCount "67"]
[EventDate "2011.02.04"]
[EventType "swiss"]
[EventRounds "9"]
[EventCountry "ESP"]
[SourceTitle "EXT 2013"]
[Source "ChessBase"]
[SourceDate "2012.11.22"]
[SourceVersion "1"]
[SourceVersionDate "2012.11.22"]
[SourceQuality "1"]

1. d4 d5 2. e3 Nf6 3. Bd3 e6 4. f4 Be7 5. Nf3 Nbd7 6. Nbd2 c5 7. c3 b6 8. Ne5 Bb7 9. 0-0 Qc7 10. a4 c4 11. Bc2 a6 12. Qe2 b5 13. e4 0-0 14. Nxd7 Nxd7 15. e5 g6 16. Rf3 b4 17. Qe3 b3 18. Bb1 Rae8 19. f5 Nxe5 20. Qxe5 Bd6 21. Qe1 Bxh2+ 22. Kh1 exf5 23. Qh4 Bd6 24. Rh3 f6 25. Nf1 Re2 26. Re3 Rxe3 27. Bxe3 f4 28. Bd2 Qe7 29. Qg4 f5 30. Qf3 Qh4+ 31. Kg1 Re8 32. Qf2 Qh6 33. Qf3 Qh4 34. Qf2 1/2-1/2